| 000 | 00800nam a2200253Ia 4500 | ||
|---|---|---|---|
| 003 | OSt | ||
| 005 | 20220918210324.0 | ||
| 006 | a|||||r|||| 00| 0 | ||
| 007 | ta | ||
| 008 | 220917b |||||||| |||| 00| 0 eng d | ||
| 024 | _a120,011 | ||
| 037 | _cTextual | ||
| 040 |
_aARTS _cARTS _beng |
||
| 041 |
_2eng _aeng |
||
| 082 | _aV73:28tN53, J511 | ||
| 110 |
_aUnited States, Commission On Organization Of The Executive Branch Of The Government (1955) _9117786 |
||
| 245 | 0 |
_aWater resources and power _b report to the congress |
|
| 260 | _c1955 | ||
| 500 | _a2 v in 1 | ||
| 650 | _aHISTORY | ||
| 700 |
_aUnited States, Commission On Organization Of The Executive Branch Of The Government (1955) _9117787 |
||
| 942 |
_hV73:28tN53, J511 _cTEXL _2CC |
||
| 999 |
_c243269 _d243269 |
||